The Copperbelt University : 29th graduation ceremony : excellence through research, innovation and industrialisation (Record no. 38804)

MARC details
000 -LEADER
fixed length control field 00891nam a2200241 a 4500
003 - CONTROL NUMBER IDENTIFIER
control field CBULib
005 - DATE AND TIME OF LATEST TRANSACTION
control field 20240214091139.0
008 - FIXED-LENGTH DATA ELEMENTS--GENERAL INFORMATION
fixed length control field 210817s2021 ||||||||||||||||| || u
040 ## - CATALOGING SOURCE
Original cataloging agency CBULib
Language of cataloging English
Transcribing agency CBULib
Description conventions rda
041 ## - LANGUAGE CODE
Language code of text/sound track or separate title eng
050 ## - LIBRARY OF CONGRESS CALL NUMBER
Classification number CBU(058)GC/2021
110 ## - MAIN ENTRY--CORPORATE NAME
Corporate name or jurisdiction name as entry element The Copperbelt University(CBU)
245 14 - TITLE STATEMENT
Title The Copperbelt University : 29th graduation ceremony : excellence through research, innovation and industrialisation
Statement of responsibility, etc / by The Copperbelt University(CBU)
260 ## - PUBLICATION, DISTRIBUTION, ETC. (IMPRINT)
Place of publication, distribution, etc Kitwe :
Name of publisher, distributor, etc The Copperbelt University,
Date of publication, distribution, etc 2021.
300 ## - PHYSICAL DESCRIPTION
Extent 64 pages : illustrations
336 ## - CONTENT TYPE
Source rdacontent
Content type term Text |
Content type code txt
337 ## - MEDIA TYPE
Source rdamedia
Media type term Unmediated |
Media type code n
338 ## - CARRIER TYPE
Source rdacarrier
Carrier type term Volume
Carrier type code nc
650 ## - SUBJECT ADDED ENTRY--TOPICAL TERM
Topical term or geographic name as entry element COPPERBELT UNIVERSITY--GRADUATION CEREMONIES |
650 ## - SUBJECT ADDED ENTRY--TOPICAL TERM
Topical term or geographic name as entry element COPPERBELT UNIVERSITY--ANNUAL REPORTS
650 ## - SUBJECT ADDED ENTRY--TOPICAL TERM
Topical term or geographic name as entry element UNIVERSITIES AND COLLEGES--ZAMBIA
942 ## - ADDED ENTRY ELEMENTS (KOHA)
Koha item type UNIVERSITY COLLECTION
Source of classification or shelving scheme
Holdings
Withdrawn status Lost status Source of classification or shelving scheme Damaged status Not for loan Collection code Permanent Location Current Location Shelving location Date acquired Source of acquisition Full call number Barcode Date last seen Copy number Price effective from Koha item type
          Special Collections CBU-MAIN LIBRARY, KITWE. CBU-MAIN LIBRARY, KITWE. Special Collections 11/30/2022 DEP-CBU CBU(058)GC/2021 B4505 11/30/2022 1 11/30/2022 UNIVERSITY COLLECTION